[Event "MCR mladeze 2014, H16"]
[Site "Kouty nad Desnou"]
[Date "2014.03.12"]
[Round "6"]
[White "Ruzicka, Josef"]
[Black "Kula, Dominik"]
[Result "1-0"]
[WhiteElo "2034"]
[BlackElo "1971"]
[PlyCount "77"]
[EventDate "2014.??.??"]

1. e4 c5 2. Nf3 d6 3. d4 cxd4 4. Nxd4 Nf6 5. Nc3 a6 6. Bc4 e6 7. Bb3 Be7 8. f4
Nbd7 9. Qf3 Nc5 10. f5 Nxb3 11. axb3 e5 12. Nde2 Bd7 13. O-O Bc6 14. Nd5 Bxd5
15. exd5 O-O 16. Be3 Re8 17. Ng3 Rc8 18. c3 Qd7 19. Nh5 Qb5 20. Nxf6+ Bxf6 21.
Qd1 Bd8 22. Kh1 f6 23. Rf3 Qd7 24. Ra4 e4 25. Rf4 Bc7 26. Qg4 Re5 27. Raxe4
Rxd5 28. Bd4 Ra5 29. Rf1 Kf8 30. b4 Ra2 31. Rfe1 Rxb2 32. Re6 Qf7 33. Qh4 Kg8
34. Re7 Qf8 35. Qe4 h6 36. Qe6+ Kh8 37. Rf7 Qd8 38. Rxf6 Kh7 39. Rxh6+ 1-0

[Event "MCR mladeze 2014, H16"]
[Site "Kouty nad Desnou"]
[Date "2014.03.12"]
[Round "6"]
[White "Miculka, David"]
[Black "Horak, Martin"]
[Result "1/2-1/2"]
[WhiteElo "1931"]
[BlackElo "1852"]
[PlyCount "64"]
[EventDate "2014.??.??"]

1. e4 d6 2. d4 Nf6 3. Nc3 g6 4. Be3 c6 5. h3 Nbd7 6. Nf3 Qc7 7. a4 Bg7 8. Bc4
O-O 9. O-O Nxe4 10. Nxe4 d5 11. Bd3 dxe4 12. Bxe4 e5 13. dxe5 Nxe5 14. Bf4 Re8
15. c3 Nxf3+ 16. Qxf3 Be5 17. Bxe5 Rxe5 18. Rad1 Be6 19. Bc2 Re8 20. b3 Bd5 21.
Qg3 Qe7 22. Qf4 c5 23. c4 Bc6 24. Rd2 Qg5 25. Qxg5 Rxg5 26. f3 Rge5 27. Kf2 Kg7
28. Rfd1 R8e7 29. Bd3 a6 30. Re2 Kf6 31. Rde1 Rxe2+ 32. Rxe2 Rxe2+ 1/2-1/2

[Event "MCR mladeze 2014, H16"]
[Site "Kouty nad Desnou"]
[Date "2014.03.12"]
[Round "6"]
[White "Havelka, Jan"]
[Black "Filip, Vojtech"]
[Result "0-1"]
[WhiteElo "1833"]
[BlackElo "1883"]
[PlyCount "82"]
[EventDate "2014.??.??"]

1. e4 c6 2. d4 d5 3. exd5 cxd5 4. c4 e6 5. Nc3 Nf6 6. Nf3 Be7 7. Bd3 dxc4 8.
Bxc4 O-O 9. O-O Nbd7 10. Re1 Nb6 11. Bb3 Nbd5 12. Bg5 Nxc3 13. bxc3 b6 14. Ne5
Bb7 15. Qe2 Nd5 16. Bd2 Bf6 17. Rad1 Rc8 18. Qd3 Qc7 19. c4 Ne7 20. Ng4 Bh4 21.
g3 h5 22. Ne5 Bf6 23. Bb4 Rfd8 24. Bxe7 Qxe7 25. Qe2 g6 26. f4 Rd6 27. f5 gxf5
28. Qxh5 Bxe5 29. Rxe5 Qf6 30. Qe2 Be4 31. c5 Rxd4 32. Rxd4 Qxe5 33. Qe3 bxc5
34. Qg5+ Qg7 35. Rd8+ Rxd8 36. Qxd8+ Kh7 37. Qh4+ Qh6 38. Qe7 Qe3+ 39. Kf1 Bd3+
40. Kg2 Qe4+ 41. Kg1 Qe1+ 0-1

[Event "MCR mladeze 2014, H16"]
[Site "Kouty nad Desnou"]
[Date "2014.03.12"]
[Round "6"]
[White "Skorepa, Jakub"]
[Black "Horak, Ales"]
[Result "0-1"]
[WhiteElo "1797"]
[BlackElo "1957"]
[PlyCount "68"]
[EventDate "2014.??.??"]

1. e4 d6 2. d4 g6 3. Nf3 Nf6 4. Nc3 c6 5. Bf4 Nbd7 6. h3 b5 7. Bd3 b4 8. Ne2 c5
9. c3 Bg7 10. cxb4 cxd4 11. e5 dxe5 12. Nxe5 Nd5 13. Nxd7 Qxd7 14. Bd2 Rb8 15.
a3 e5 16. Rc1 O-O 17. Qb3 Bb7 18. O-O f5 19. f3 Kh8 20. Ng3 Nf6 21. Rfe1 Qd6
22. Bxf5 Bd5 23. Qc2 gxf5 24. Nxf5 Qd7 25. Rxe5 Rbc8 26. Qd3 Rxc1+ 27. Bxc1 Qc7
28. Re1 Nh5 29. Nxd4 Qg3 30. Re7 Qh4 31. Nf5 Rxf5 32. Qxf5 Qxe7 33. Bd2 Bd4+
34. Kh2 Qe5+ 0-1

[Event "MCR mladeze 2014, H16"]
[Site "Kouty nad Desnou"]
[Date "2014.03.12"]
[Round "6"]
[White "Kladnak, Martin"]
[Black "Reznicek, Dominik"]
[Result "0-1"]
[WhiteElo "1713"]
[BlackElo "1799"]
[PlyCount "90"]
[EventDate "2014.??.??"]

1. d4 c6 2. Nf3 d5 3. e3 Nf6 4. Bd3 Bg4 5. c4 e6 6. Nc3 Bd6 7. h3 Bh5 8. O-O
Nbd7 9. e4 dxe4 10. Nxe4 Nxe4 11. Bxe4 Nf6 12. Bc2 O-O 13. Bg5 Be7 14. Qd3 Bg6
15. Qe2 Bxc2 16. Qxc2 h6 17. Bh4 Nd7 18. Bxe7 Qxe7 19. Rfd1 Nf6 20. Ne5 Rfd8
21. Rd2 Rd6 22. Rad1 Rad8 23. Qa4 a6 24. Qb4 Qc7 25. Qb3 b5 26. Qc2 Nd7 27.
cxb5 Nxe5 28. dxe5 Rxd2 29. Rxd2 Rxd2 30. Qxd2 cxb5 31. Qd4 Qc1+ 32. Kh2 Qc2
33. a3 Qe2 34. Kg1 Kh7 35. Kh2 Kg6 36. Qg4+ Qxg4 37. hxg4 f6 38. f4 fxe5 39.
fxe5 a5 40. Kg3 Kg5 41. Kf3 g6 42. b3 h5 43. g3 a4 44. b4 h4 45. gxh4+ Kxh4 0-1

[Event "MCR mladeze 2014, H16"]
[Site "Kouty nad Desnou"]
[Date "2014.03.12"]
[Round "6"]
[White "Stepan, Patrik"]
[Black "Krcil, Ales"]
[Result "1-0"]
[WhiteElo "1758"]
[BlackElo "1698"]
[PlyCount "69"]
[EventDate "2014.??.??"]

1. d4 Nf6 2. c4 g6 3. Nf3 Bg7 4. g3 O-O 5. Bg2 d6 6. O-O Nc6 7. Nc3 Bf5 8. Re1
e5 9. d5 Ne7 10. e4 Bg4 11. h3 Bd7 12. Be3 Ne8 13. Rc1 f5 14. exf5 gxf5 15. Qd2
Ng6 16. Bh6 f4 17. Bxg7 Kxg7 18. Kh2 Kh8 19. c5 Nf6 20. cxd6 cxd6 21. Ne4 Nxe4
22. Rxe4 Rc8 23. Rec4 Rxc4 24. Rxc4 Qb6 25. g4 Rc8 26. Rxc8+ Bxc8 27. Qc2 Bd7
28. Ng5 Kg7 29. Be4 Be8 30. Kg1 Qa5 31. b4 Qxb4 32. Qc7+ Kh6 33. Nf3 Nf8 34.
Qe7 Ng6 35. g5+ 1-0

[Event "MCR mladeze 2014, H16"]
[Site "Kouty nad Desnou"]
[Date "2014.03.12"]
[Round "6"]
[White "Zeman, Radek"]
[Black "Bares, Jachym"]
[Result "1/2-1/2"]
[WhiteElo "1902"]
[BlackElo "1736"]
[PlyCount "57"]
[EventDate "2014.??.??"]

1. e4 e5 2. Nf3 Nc6 3. Bb5 f5 4. d3 fxe4 5. dxe4 Nf6 6. O-O Bc5 7. Qd3 d6 8.
Qc4 Bd7 9. Nc3 Qe7 10. Nd5 Nxd5 11. exd5 Nd4 12. Nxd4 Bxd4 13. a4 a6 14. Bxd7+
Qxd7 15. Be3 Bxe3 16. fxe3 Rf8 17. Qh4 g6 18. Rxf8+ Kxf8 19. Qf6+ Kg8 20. Rf1
Re8 21. b3 Qe7 22. Qxe7 Rxe7 23. e4 Rf7 24. Rxf7 Kxf7 25. b4 b6 26. Kf2 Kf6 27.
a5 bxa5 28. bxa5 h5 29. h4 1/2-1/2

[Event "MCR mladeze 2014, H16"]
[Site "Kouty nad Desnou"]
[Date "2014.03.12"]
[Round "6"]
[White "Krajicek, Filip"]
[Black "Krutsky, Martin"]
[Result "0-1"]
[WhiteElo "1671"]
[BlackElo "1800"]
[PlyCount "68"]
[EventDate "2014.??.??"]

1. d4 Nf6 2. Nf3 g6 3. e3 Bg7 4. Bd3 O-O 5. O-O d6 6. Re1 Nbd7 7. b3 e5 8. dxe5
dxe5 9. e4 Nh5 10. Ba3 Re8 11. c3 Qf6 12. Qc2 Nf8 13. Nbd2 Nf4 14. Bc4 Bg4 15.
Rab1 h5 16. h4 Bh6 17. Bf1 Rad8 18. Bc5 Nh3+ 19. gxh3 Bxf3 20. Nxf3 Qxf3 21.
Bg2 Qf6 22. Rbd1 Ne6 23. Be3 Bxe3 24. fxe3 Qxh4 25. Qf2 Qe7 26. Bf1 Nc5 27. Qf3
Kg7 28. Rd5 c6 29. Rdd1 Qh4 30. Bg2 Rd3 31. Rf1 Re7 32. Rxd3 Nxd3 33. Rd1 Nc5
34. Kf1 Re6 0-1

[Event "MCR mladeze 2014, H16"]
[Site "Kouty nad Desnou"]
[Date "2014.03.13"]
[Round "7"]
[White "Pulpan, Jakub"]
[Black "Rydl, Jiri"]
[Result "1/2-1/2"]
[WhiteElo "2146"]
[BlackElo "2181"]
[PlyCount "49"]
[EventDate "2014.??.??"]

1. e4 e6 2. d4 d5 3. Nd2 Be7 4. Bd3 c5 5. c3 cxd4 6. cxd4 dxe4 7. Nxe4 Nf6 8.
Nf3 O-O 9. O-O Nxe4 10. Bxe4 Nd7 11. Ne5 Nf6 12. Bf3 a5 13. b3 Ra6 14. Bb2 Nd5
15. Be2 Rd6 16. Nc4 Rd7 17. Ne5 Rc7 18. Rc1 Bd7 19. Rxc7 Qxc7 20. Bc4 Bc6 21.
Nxc6 Qxc6 22. Qf3 Rd8 23. Rc1 Qd7 24. Bxd5 exd5 25. Bc3 1/2-1/2

[Event "MCR mladeze 2014, H16"]
[Site "Kouty nad Desnou"]
[Date "2014.03.13"]
[Round "7"]
[White "Petr, Jan"]
[Black "Kratochvil, Vit"]
[Result "1-0"]
[WhiteElo "2162"]
[BlackElo "2051"]
[PlyCount "89"]
[EventDate "2014.??.??"]

1. e4 c5 2. b3 Nc6 3. Bb2 d6 4. f4 Nf6 5. Nc3 g6 6. Bb5 Bd7 7. Nd5 Bg7 8. Nxf6+
exf6 9. c4 O-O 10. Ne2 Re8 11. d3 f5 12. Bxg7 Kxg7 13. O-O Qf6 14. Ng3 Re7 15.
Bxc6 Bxc6 16. exf5 Re3 17. fxg6 hxg6 18. Qg4 Rh8 19. Rad1 Kf8 20. f5 Rh4 21.
fxg6 Qxf1+ 22. Nxf1 Rxg4 23. Nxe3 Rxg6 24. d4 Be4 25. d5 Kg7 26. Re1 f5 27. g3
Kf6 28. Nd1 Ke5 29. Nc3 a6 30. Kf2 Kd4 31. Nxe4 fxe4 32. Rd1+ Ke5 33. Rf1 Kd4
34. h4 b5 35. cxb5 axb5 36. h5 Rh6 37. g4 Kxd5 38. Ke3 Rh8 39. Rf5+ Ke6 40.
Kxe4 b4 41. Rg5 Ra8 42. h6 Rh8 43. Rg6+ Ke7 44. g5 Rd8 45. Kd5 1-0

[Event "MCR mladeze 2014, H16"]
[Site "Kouty nad Desnou"]
[Date "2014.03.13"]
[Round "7"]
[White "Ruzicka, Josef"]
[Black "Dvorak, Adam"]
[Result "1/2-1/2"]
[WhiteElo "2034"]
[BlackElo "2119"]
[PlyCount "46"]
[EventDate "2014.??.??"]

1. e4 c5 2. Nf3 e6 3. c4 a6 4. Nc3 Qc7 5. Be2 b6 6. d4 cxd4 7. Nxd4 Bb7 8. f3
Nf6 9. Be3 Be7 10. O-O d6 11. Qd2 Nbd7 12. a4 O-O 13. a5 Rfd8 14. Rfc1 Rac8 15.
Bf1 Bf8 16. Qf2 Qb8 17. axb6 Nc5 18. b4 Ncd7 19. Nb3 d5 20. exd5 Bxb4 21. dxe6
fxe6 22. Na5 Ne5 23. Nxb7 Qxb7 1/2-1/2

[Event "MCR mladeze 2014, H16"]
[Site "Kouty nad Desnou"]
[Date "2014.03.13"]
[Round "7"]
[White "Filip, Vojtech"]
[Black "Kula, Dominik"]
[Result "1/2-1/2"]
[WhiteElo "1883"]
[BlackElo "1971"]
[PlyCount "107"]
[EventDate "2014.??.??"]

1. Nf3 f5 2. d4 Nf6 3. c4 g6 4. Nc3 Bg7 5. e3 O-O 6. Be2 d6 7. O-O c6 8. a3 a5
9. Rb1 Na6 10. b4 axb4 11. axb4 Qe8 12. Qb3 Kh8 13. c5 Nc7 14. Bc4 d5 15. Bd3
Ne4 16. Ne5 g5 17. f3 Nxc3 18. Qxc3 Rf6 19. f4 g4 20. Bb2 Rh6 21. g3 Rf6 22.
Ra1 Rxa1 23. Rxa1 h5 24. Qc2 h4 25. Bc3 Qh5 26. Qg2 hxg3 27. hxg3 Kg8 28. Ra2
Rh6 29. b5 cxb5 30. Ba5 Na6 31. Bxb5 Kh7 32. Bxa6 Rxa6 33. Qxd5 Be6 34. Qxb7
Bxa2 35. Qxa6 Bd5 36. Qe2 Qh1+ 37. Kf2 Bxe5 38. fxe5 Bf3 39. Qc4 Qg2+ 40. Ke1
Qxg3+ 41. Kd2 Qf2+ 42. Kc1 Qxe3+ 43. Bd2 Qa3+ 44. Kc2 Kg7 45. Qe6 Qa4+ 46. Kc3
Qa1+ 47. Kd3 Qa3+ 48. Bc3 Be4+ 49. Kd2 Qa7 50. Ke2 g3 51. Bd2 g2 52. Qh6+ Kg8
53. Qg6+ Kh8 54. Qh6+ 1/2-1/2

[Event "MCR mladeze 2014, H16"]
[Site "Kouty nad Desnou"]
[Date "2014.03.13"]
[Round "7"]
[White "Reznicek, Dominik"]
[Black "Kozusek, Daniel"]
[Result "1/2-1/2"]
[WhiteElo "1799"]
[BlackElo "2133"]
[PlyCount "124"]
[EventDate "2014.??.??"]

1. e4 c5 2. c3 g6 3. Nf3 Bg7 4. d4 cxd4 5. cxd4 d5 6. e5 Nc6 7. Nc3 Nh6 8. Qb3
O-O 9. Bd3 Bg4 10. Be3 Qd7 11. h3 Bxf3 12. gxf3 Rfd8 13. Ne2 Nf5 14. Bb5 Rac8
15. Rc1 a6 16. Bxc6 Rxc6 17. Rxc6 Qxc6 18. Kd2 f6 19. Rc1 Qd7 20. e6 Qxe6 21.
Qxb7 Nd6 22. Qb3 Nc4+ 23. Ke1 Qxh3 24. Nf4 Qxf3 25. Nxd5 Qxd5 26. Qxc4 Kf7 27.
Qxd5+ Rxd5 28. Rc6 Rd6 29. d5 Rxc6 30. dxc6 Ke8 31. b4 Kd8 32. Bb6+ Kc8 33. a4
f5 34. b5 axb5 35. axb5 Be5 36. Ke2 h5 37. Kf3 g5 38. Kg2 e6 39. Ba5 Bd4 40. f3
g4 41. fxg4 hxg4 42. Bd2 Kc7 43. Bf4+ e5 44. Bg5 f4 45. Bh6 f3+ 46. Kg3 f2 47.
Kg2 e4 48. Bf4+ Kb6 49. Kf1 e3 50. Ke2 Bc5 51. Bg3 Ka7 52. Bf4 Bd4 53. Bg3 Bc3
54. Bc7 Bd4 55. Bf4 Kb6 56. Bg3 Bc3 57. Bf4 Bd2 58. Bg3 Be1 59. Bf4 Bd2 60. Bg3
Ka7 61. Bc7 Ba5 62. Bf4 Bb6 1/2-1/2

[Event "MCR mladeze 2014, H16"]
[Site "Kouty nad Desnou"]
[Date "2014.03.13"]
[Round "7"]
[White "Havelka, Josef"]
[Black "Miculka, David"]
[Result "1/2-1/2"]
[WhiteElo "1988"]
[BlackElo "1931"]
[PlyCount "172"]
[EventDate "2014.??.??"]

1. e4 c5 2. Bc4 Nc6 3. c3 Nf6 4. Qe2 d6 5. Nf3 Bg4 6. Bb3 g6 7. h3 Bxf3 8. Qxf3
Bg7 9. d3 O-O 10. O-O Rb8 11. Bg5 b5 12. Qe3 e5 13. Nd2 Qd7 14. f4 Ne8 15. f5
Nc7 16. Bh6 Nd8 17. Nf3 gxf5 18. Bxg7 f4 19. Nxe5 dxe5 20. Qxc5 Nde6 21. Qxe5
Nxg7 22. Qxf4 Nce6 23. Qe3 a5 24. d4 Qe7 25. e5 Qg5 26. Qe4 Qg6 27. Qe2 Ng5 28.
Bc2 Qe6 29. h4 Qe7 30. hxg5 Qxg5 31. Rf6 Ne6 32. Raf1 Nc7 33. R6f5 Qg7 34. Rh5
h6 35. Qd2 Rb6 36. Rf6 Rxf6 37. exf6 Qxf6 38. Rxh6 Qg7 39. Rh7 Qf6 40. Rh3 Re8
41. Rf3 Qh4 42. g3 Qg4 43. Qf4 Qxf4 44. Rxf4 Nd5 45. Rf2 Re1+ 46. Kg2 Ne3+ 47.
Kf3 Nc4 48. Bb3 Nd6 49. Re2 Rf1+ 50. Rf2 Re1 51. a4 bxa4 52. Bxa4 Kg7 53. Re2
Rf1+ 54. Kg2 Ra1 55. Bc2 Ra2 56. Bd3 a4 57. Kf3 Kf6 58. Kf4 Ra1 59. Re5 Ra2 60.
Ra5 Rxb2 61. Ra6 Ke7 62. Ke5 Nc8 63. Rxa4 f6+ 64. Kf4 Rb3 65. Rc4 Nb6 66. Rc5
Rxc3 67. Be4 Rxc5 68. dxc5 Nc4 69. Bd5 Ne5 70. Kf5 Nd7 71. c6 Nb6 72. Be6 Na8
73. Bc4 Nc7 74. Bf1 Na8 75. Bg2 Nc7 76. Ke4 Kd6 77. Kd4 Nb5+ 78. Kc4 Na7 79.
Kb4 Nxc6+ 80. Bxc6 Kxc6 81. Kc4 Kd6 82. Kd4 Ke6 83. Ke4 f5+ 84. Kf4 Kf6 85. g4
fxg4 86. Kxg4 Ke5 1/2-1/2

[Event "MCR mladeze 2014, H16"]
[Site "Kouty nad Desnou"]
[Date "2014.03.13"]
[Round "7"]
[White "Horak, Ales"]
[Black "Stuchly, Ondrej"]
[Result "1/2-1/2"]
[WhiteElo "1957"]
[BlackElo "1791"]
[PlyCount "95"]
[EventDate "2014.??.??"]

1. d4 d5 2. Nf3 Nf6 3. g3 e6 4. Bg2 Be7 5. O-O O-O 6. c4 dxc4 7. Ne5 c5 8. dxc5
Bxc5 9. Nxc4 Nc6 10. Nc3 Qe7 11. Bg5 Rd8 12. Qc1 h6 13. Bxf6 Qxf6 14. Ne4 Qe7
15. Rd1 Nd4 16. Kf1 e5 17. Nxe5 Bb6 18. Nc4 Bg4 19. f3 Bf5 20. Nxb6 axb6 21.
Nc3 Rac8 22. e4 Be6 23. Rd2 Qc5 24. Bh1 Bc4+ 25. Kg2 Qh5 26. Rf2 Be2 27. g4 Qh4
28. Qf4 Bxf3+ 29. Rxf3 Nxf3 30. Kxf3 Qh3+ 31. Kf2 Qd3 32. Re1 Rc6 33. Nd5 Rxd5
34. exd5 Rf6 35. Re8+ Kh7 36. Qxf6 Qc2+ 37. Re2 Qc5+ 38. Kf1 gxf6 39. Be4+ Kg7
40. a3 Qd4 41. Kg2 h5 42. gxh5 Kh6 43. Bf3 Kg5 44. h4+ Kf5 45. Be4+ Ke5 46.
Bf3+ Kd6 47. Kg3 f5 48. Kh3 1/2-1/2

[Event "MCR mladeze 2014, H16"]
[Site "Kouty nad Desnou"]
[Date "2014.03.13"]
[Round "7"]
[White "Horak, Martin"]
[Black "Stepan, Patrik"]
[Result "1-0"]
[WhiteElo "1852"]
[BlackElo "1758"]
[PlyCount "111"]
[EventDate "2014.??.??"]

1. e4 c5 2. Nf3 e6 3. d4 cxd4 4. Nxd4 Nf6 5. Nc3 Nc6 6. Nxc6 bxc6 7. Bd3 d5 8.
Qe2 Be7 9. O-O O-O 10. b3 Nd7 11. Bb2 Nc5 12. Rfe1 Nxd3 13. Qxd3 a5 14. Rad1
Ba6 15. Qg3 Bd6 16. Qg4 f5 17. exf5 exf5 18. Qd4 Rf7 19. Re6 Qc7 20. h3 Raf8
21. Rde1 f4 22. f3 Qd8 23. Nxd5 Bc8 24. Rxd6 Qxd6 25. Ne7+ Qxe7 26. Rxe7 Rxe7
27. Ba3 Re1+ 28. Kh2 Rfe8 29. Bb2 R1e7 30. Qxf4 Bd7 31. a4 Rf7 32. Qg5 Ra8 33.
h4 h6 34. Qe5 Re8 35. Qxa5 Re2 36. Qc3 Bf5 37. Qxc6 Bxc2 38. Qc4 Bd3 39. Qxd3
Rxb2 40. Qc3 Ra2 41. a5 Re7 42. b4 Ree2 43. b5 Rxg2+ 44. Kh3 Rh2+ 45. Kg4 Rag2+
46. Kf5 Rxh4 47. b6 Rg5+ 48. Ke6 Rb5 49. b7 Rhb4 50. a6 Rb6+ 51. Kd5 R4b5+ 52.
Kd4 Rb4+ 53. Qxb4 Rxb4+ 54. Kc5 Rb3 55. a7 Rxb7 56. a8=Q+ 1-0

[Event "MCR mladeze 2014, H16"]
[Site "Kouty nad Desnou"]
[Date "2014.03.13"]
[Round "7"]
[White "Krutsky, Martin"]
[Black "Havelka, Jan"]
[Result "0-1"]
[WhiteElo "1800"]
[BlackElo "1833"]
[PlyCount "68"]
[EventDate "2014.??.??"]

1. e4 c5 2. Nf3 d6 3. d4 cxd4 4. Nxd4 Nf6 5. Nc3 a6 6. Be2 e5 7. Nb3 Be7 8. O-O
O-O 9. Kh1 Nc6 10. f3 Be6 11. Nd5 Bxd5 12. exd5 Na5 13. Nxa5 Qxa5 14. c4 Qc7
15. Be3 a5 16. Qd2 Nd7 17. Rac1 b6 18. Bd3 Nc5 19. Bxc5 bxc5 20. f4 Bf6 21. Rb1
exf4 22. Qxf4 Be5 23. Qg4 g6 24. Rf3 a4 25. Bc2 Ra7 26. h4 h5 27. Qg5 Qd8 28.
b3 Qxg5 29. hxg5 axb3 30. Bxb3 Re8 31. Re1 Kg7 32. Rfe3 Rh8 33. Re4 Raa8 34.
Rh4 Bg3 0-1

[Event "MCR mladeze 2014, H16"]
[Site "Kouty nad Desnou"]
[Date "2014.03.13"]
[Round "7"]
[White "Bares, Jachym"]
[Black "Kladnak, Martin"]
[Result "1/2-1/2"]
[WhiteElo "1736"]
[BlackElo "1713"]
[PlyCount "118"]
[EventDate "2014.??.??"]

1. e4 e5 2. Nf3 Nc6 3. d4 exd4 4. Nxd4 Bc5 5. Be3 Bb6 6. Bc4 d6 7. O-O Nge7 8.
Nc3 O-O 9. f4 Kh8 10. Bf2 f5 11. Ne6 Bxe6 12. Bxe6 Qe8 13. Bxb6 axb6 14. Nb5
Qd8 15. exf5 Nxf5 16. Qd3 Nb4 17. Qe4 Ne3 18. Qxb4 Nxc2 19. Qc4 Nxa1 20. Rxa1
c6 21. Nc3 d5 22. Qd4 Qf6 23. Qxf6 Rxf6 24. f5 g6 25. g4 gxf5 26. gxf5 Kg7 27.
Kh1 Rh6 28. a3 Rh4 29. Re1 Rd8 30. Kg2 b5 31. Kg3 Rd4 32. Re2 b4 33. axb4 Rxb4
34. Rd2 b6 35. Ne2 Kf6 36. Nf4 Kg5 37. h4+ Kf6 38. Nh5+ Ke7 39. Re2 Re4 40.
Rxe4 dxe4 41. Kf4 Rd2 42. b3 Rh2 43. Kxe4 Rxh4+ 44. Nf4 Rh1 45. Nd3 Kf6 46. Nf2
Re1+ 47. Kd4 h5 48. Ne4+ Ke7 49. Ke5 h4 50. f6+ Kf8 51. Kf4 c5 52. Kf3 Rf1+ 53.
Kg4 Re1 54. Ng5 Rf1 55. f7 b5 56. Nh7+ Ke7 57. f8=Q+ Rxf8 58. Nxf8 c4 59. bxc4
bxc4 1/2-1/2

[Event "MCR mladeze 2014, H16"]
[Site "Kouty nad Desnou"]
[Date "2014.03.13"]
[Round "7"]
[White "Zeman, Radek"]
[Black "Skorepa, Jakub"]
[Result "1/2-1/2"]
[WhiteElo "1902"]
[BlackElo "1797"]
[PlyCount "57"]
[EventDate "2014.??.??"]

1. d4 d5 2. Nf3 Nf6 3. e3 e6 4. Bd3 c5 5. b3 Nc6 6. Bb2 Be7 7. O-O O-O 8. Nbd2
b6 9. Ne5 Bb7 10. f4 Rc8 11. a3 Nxe5 12. fxe5 Ne4 13. Bxe4 dxe4 14. c4 Bg5 15.
Qe2 Qe7 16. Rad1 a5 17. Nb1 Rfd8 18. Rfe1 f6 19. a4 fxe5 20. dxe5 Rxd1 21. Rxd1
Rd8 22. Nc3 Rxd1+ 23. Nxd1 Qd7 24. Nc3 Bc6 25. g3 Qf7 26. h4 Bh6 27. g4 g5 28.
h5 Bg7 29. Nd1 1/2-1/2

[Event "MCR mladeze 2014, H16"]
[Site "Kouty nad Desnou"]
[Date "2014.03.13"]
[Round "7"]
[White "Krcil, Ales"]
[Black "Krajicek, Filip"]
[Result "1/2-1/2"]
[WhiteElo "1698"]
[BlackElo "1671"]
[PlyCount "59"]
[EventDate "2014.??.??"]

1. e4 c5 2. c3 d6 3. d4 cxd4 4. cxd4 g6 5. Nc3 Bg7 6. h3 Nf6 7. Nf3 a6 8. Bd3
b5 9. Be3 Bb7 10. Nd2 Nc6 11. Rc1 Nd7 12. Ne2 Nb4 13. Bb1 Nb6 14. O-O Na4 15.
Qb3 Nc6 16. Rfd1 Nb6 17. a3 Na5 18. Qb4 Nc6 19. Qc3 Rc8 20. Qd3 O-O 21. Ba2 Qd7
22. Qb1 d5 23. e5 Nc4 24. Nf1 Nxe3 25. Nxe3 Bh6 26. f4 Na5 27. Ng4 Bg7 28. b4
Nc4 29. Qb3 Ra8 30. Nf2 1/2-1/2

[Event "MCR mladeze 2014, H16"]
[Site "Kouty nad Desnou"]
[Date "2014.03.14"]
[Round "8"]
[White "Rydl, Jiri"]
[Black "Petr, Jan"]
[Result "1/2-1/2"]
[WhiteElo "2181"]
[BlackElo "2162"]
[PlyCount "62"]
[EventDate "2014.03.08"]

1. c4 Nf6 2. g3 c6 3. Bg2 d5 4. Nf3 dxc4 5. O-O Be6 6. Qc2 Qd5 7. Nc3 Qh5 8. b3
cxb3 9. axb3 g6 10. d4 Bh3 11. e4 Bg7 12. e5 Bf5 13. Qe2 Nfd7 14. h3 Bxh3 15.
Bxh3 Qxh3 16. Ng5 Qh5 17. e6 Qxe2 18. exd7+ Nxd7 19. Nxe2 O-O 20. Be3 Nb6 21.
Ne4 Nd5 22. N2c3 e5 23. Rad1 Nxe3 24. fxe3 f5 25. Nc5 exd4 26. exd4 Rfe8 27.
Rf3 b6 28. Na6 Rad8 29. Rfd3 Rd6 30. Kg2 Red8 31. Ne2 R8d7 1/2-1/2

[Event "MCR mladeze 2014, H16"]
[Site "Kouty nad Desnou"]
[Date "2014.03.14"]
[Round "8"]
[White "Pulpan, Jakub"]
[Black "Ruzicka, Josef"]
[Result "1/2-1/2"]
[WhiteElo "2146"]
[BlackElo "2034"]
[PlyCount "84"]
[EventDate "2014.03.08"]

1. e4 c5 2. Nf3 d6 3. d4 cxd4 4. Nxd4 Nf6 5. Nc3 g6 6. Be3 Bg7 7. f3 O-O 8. Qd2
Nc6 9. Bc4 Bd7 10. O-O-O Rc8 11. Bb3 Ne5 12. Kb1 a5 13. a4 Nc4 14. Bxc4 Rxc4
15. b3 Rc8 16. h4 h5 17. Ndb5 Be6 18. Bh6 Rc5 19. Bxg7 Kxg7 20. g4 hxg4 21. f4
Qc8 22. h5 Rxh5 23. f5 Bd7 24. fxg6 fxg6 25. Rxh5 Nxh5 26. Qg5 Nf6 27. e5 dxe5
28. Qxe5 Rf7 29. Na7 Qe8 30. Ne4 Rf8 31. Nb5 Bxb5 32. axb5 Rh8 33. Rf1 Rh5 34.
Nxf6 Rxe5 35. Nxe8+ Kh6 36. c4 Kg5 37. Rc1 Rc5 38. Re1 g3 39. Ng7 Kg4 40. Ne6
Rh5 41. Re4+ Kf5 42. Re1 Kg4 1/2-1/2

[Event "MCR mladeze 2014, H16"]
[Site "Kouty nad Desnou"]
[Date "2014.03.14"]
[Round "8"]
[White "Dvorak, Adam"]
[Black "Filip, Vojtech"]
[Result "1-0"]
[WhiteElo "2119"]
[BlackElo "1883"]
[PlyCount "28"]
[EventDate "2014.03.08"]

1. d4 d5 2. c4 e5 3. dxe5 d4 4. Nf3 Nc6 5. a3 f6 6. exf6 Nxf6 7. Nbd2 Bg4 8. b4
Qe7 9. Bb2 O-O-O 10. Qb3 Ne4 11. Nxe4 Qxe4 12. Nd2 Qg6 13. h3 Bf5 14. O-O-O Bc2
1-0

[Event "MCR mladeze 2014, H16"]
[Site "Kouty nad Desnou"]
[Date "2014.03.14"]
[Round "8"]
[White "Kratochvil, Vit"]
[Black "Horak, Martin"]
[Result "0-1"]
[WhiteElo "2051"]
[BlackElo "1852"]
[PlyCount "40"]
[EventDate "2014.03.08"]

1. e4 c5 2. Nf3 Nc6 3. d4 cxd4 4. Nxd4 g6 5. Nc3 Bg7 6. Be3 Nf6 7. Bc4 O-O 8.
Bb3 d6 9. f3 Bd7 10. Qd2 Rc8 11. O-O-O Nxd4 12. Bxd4 b5 13. e5 dxe5 14. Bxe5
Bc6 15. Qe1 Qb6 16. h4 a5 17. a4 bxa4 18. Nxa4 Bxa4 19. Bxa4 Rc4 20. Bb3 Qxb3
0-1

[Event "MCR mladeze 2014, H16"]
[Site "Kouty nad Desnou"]
[Date "2014.03.14"]
[Round "8"]
[White "Havelka, Jan"]
[Black "Kozusek, Daniel"]
[Result "1-0"]
[WhiteElo "1833"]
[BlackElo "2133"]
[PlyCount "45"]
[EventDate "2014.03.08"]

1. e4 e6 2. d4 d5 3. exd5 exd5 4. c4 Nf6 5. Nc3 Be7 6. Nf3 O-O 7. cxd5 Nxd5 8.
Bc4 Be6 9. Qb3 c6 10. Qxb7 Nd7 11. Bxd5 cxd5 12. Nxd5 Qa5+ 13. Nc3 Bb4 14. O-O
Nf6 15. Ne5 Bxc3 16. Nc6 Bd5 17. Nxa5 Bxb7 18. bxc3 Ba6 19. Re1 Rfe8 20. Ba3
Ne4 21. c4 Nc3 22. d5 Nxa2 23. d6 1-0

[Event "MCR mladeze 2014, H16"]
[Site "Kouty nad Desnou"]
[Date "2014.03.14"]
[Round "8"]
[White "Stuchly, Ondrej"]
[Black "Havelka, Josef"]
[Result "0-1"]
[WhiteElo "1791"]
[BlackElo "1988"]
[PlyCount "84"]
[EventDate "2014.03.08"]

1. e4 e5 2. Nf3 Nc6 3. Bb5 a6 4. Ba4 Nge7 5. O-O g6 6. c3 Bg7 7. d4 exd4 8.
cxd4 b5 9. Bb3 O-O 10. h3 d6 11. Re1 Na5 12. Bc2 c5 13. Bg5 h6 14. Bf4 cxd4 15.
Nxd4 Nc4 16. b3 Qb6 17. bxc4 Qxd4 18. Bxd6 Qxa1 19. Bxe7 Re8 20. Bb4 Be6 21.
cxb5 axb5 22. Bb3 Bxb3 23. axb3 Qd4 24. Qxd4 Bxd4 25. Na3 Bc3 26. Bxc3 Rxa3 27.
Bd2 Rxb3 28. Bxh6 b4 29. Bg5 Rc3 30. Bf6 Rc6 31. Bb2 Rc2 32. Bf6 Rec8 33. Re3
Rc1+ 34. Kh2 Rb1 35. Rg3 Rc6 36. e5 Kf8 37. Rd3 Rc8 38. Rd7 Rb8 39. Be7+ Ke8
40. Ra7 b3 41. Bd6 Rb6 42. Re7+ Kd8 0-1

[Event "MCR mladeze 2014, H16"]
[Site "Kouty nad Desnou"]
[Date "2014.03.14"]
[Round "8"]
[White "Kula, Dominik"]
[Black "Reznicek, Dominik"]
[Result "0-1"]
[WhiteElo "1971"]
[BlackElo "1799"]
[PlyCount "122"]
[EventDate "2014.03.08"]

1. e4 c6 2. d4 d5 3. Nd2 dxe4 4. Nxe4 Bf5 5. Ng3 Bg6 6. f4 e6 7. h4 h6 8. h5
Bh7 9. Nf3 Nd7 10. Bd3 Bxd3 11. Qxd3 Bd6 12. Bd2 Ngf6 13. O-O-O Qc7 14. Ne5 O-O
15. Ne4 Nxe4 16. Qxe4 Nf6 17. Qd3 c5 18. g4 c4 19. Qf3 b5 20. g5 hxg5 21. Rdg1
b4 22. c3 Nd5 23. h6 g6 24. Rxg5 Bxe5 25. fxe5 bxc3 26. Bxc3 Kh7 27. Rhg1 a5
28. Qe4 Rg8 29. R5g3 a4 30. a3 Rab8 31. Qc2 Rb3 32. Rf1 Qa7 33. Qf2 Rb7 34. Rf3
Rf8 35. Rg1 Rg8 36. Bd2 Rc7 37. Rf1 Rf8 38. Bb4 Nxb4 39. axb4 Rd7 40. Rf4 a3
41. Kb1 Qa4 42. bxa3 Qxa3 43. Qb2 Qd3+ 44. Qc2 Rxd4 45. Qxd3 Rxd3 46. Rxf7+
Rxf7 47. Rxf7+ Kxh6 48. Rf6 Rb3+ 49. Kc2 Rxb4 50. Rxe6 Rb8 51. Rc6 Re8 52. e6
Kg7 53. Kc3 Kf6 54. e7+ Kf7 55. Kxc4 Rxe7 56. Kd3 Kg7 57. Rc2 Re5 58. Re2 Rxe2
59. Kxe2 Kh6 60. Kf3 Kh5 61. Kg3 Kg5 0-1